EPIC: The Musical - Suffering - Statistics

General Stats
  • This quiz has been taken 107 times
  • The average score is 271 of 301
Answer Stats
% Correct
a
98%
do
98%
I
98%
in
98%
jump
98%
the
98%
The
98%
water
98%
water.
98%
water!
98%
you
98%
You
98%
you.
98%
and
97%
And
97%
Siren Penelope Don't
97%
don't
97%
from
97%
from,
97%
I'm
97%
know.
97%
know
97%
know,
97%
me?
97%
me.
97%
me
97%
of
97%
Siren Penelope Of
97%
Sirens (Penelope,
97%
Penelope.)
97%
Odysseus Penelope,
97%
suffering,
97%
suffering
97%
take
97%
take?
97%
to
97%
afraid
95%
Siren Penelope I'll
95%
let
95%
miss
95%
Odysseus More
95%
our
95%
than
95%
Siren Penelope Then
95%
with
95%
as
93%
be
93%
Come
93%
come
93%
daughter,
93%
for
93%
ground.
93%
kiss
93%
let's
93%
no..
93%
Odysseus No..
93%
Odysseus Oh,
93%
Siren Penelope Oh
93%
so,
93%
so
93%
will
93%
would.
93%
would
93%
are
92%
before.
92%
But
92%
but
92%
make
92%
play
92%
shy,
92%
this
92%
Siren Penelope This
92%
told
92%
why!
92%
go?
90%
go.
90%
Odysseus How
90%
I've
90%
on
90%
safe
90%
sure
90%
your
90%
he
88%
Siren Penelope He
88%
home
88%
home?
88%
home,
88%
now
88%
Now
88%
only
88%
sound.
88%
that
88%
time.
88%
time!
88%
way
88%
can
86%
high
86%
or
86%
run,
86%
Scylla.
86%
Scylla
86%
terrified.
86%
too
86%
am
85%
asked,
85%
blocked
85%
course!
85%
dry?
85%
get
85%
giant
85%
is
85%
it
85%
love
85%
low,
85%
say
85%
scared
85%
should
85%
was
85%
waves
85%
has
83%
him?
83%
I'd
83%
Poseidon!
83%
storms!
83%
supposed
83%
Siren Penelope Well,
83%
we'll
83%
Where
83%
where
83%
chase
81%
lair
81%
question
81%
two.
81%
Which
81%
at
80%
cost..
80%
he's
80%
hiding
80%
my
80%
stay
80%
can't
78%
if
78%
leave
78%
never
78%
same
78%
ship,
78%
things
78%
trying
78%
watch
78%
whole
78%
evade
76%
feet
76%
prefer
76%
route
76%
through
76%
answer
75%
die,
75%
find
75%
fine.
75%
Odysseus Fine,
75%
float
75%
good
75%
it's
75%
Odysseus Okay,
75%
one
75%
place
75%
sailing
75%
roam!
73%
he'd
71%
here
71%
sounds,
71%
just
69%
right
69%
you'll
69%
Odysseus Ah,
68%
onto
68%
Odysseus Oooh,
22%
No matching quizzes found
Score Distribution
Percent of People with Each Score
Percentile by Number Answered
Your Score History
You have not taken this quiz